Ξενοδοχειακή ψυχαγωγία και άθληση
Αποθηκεύτηκε σε:
| Κύριος συγγραφέας: | |
|---|---|
| Μορφή: | Βιβλίο |
| Γλώσσα: | Greek |
| Δημοσίευση: |
Αθήνα :
Σταμούλης,
c1999.
|
| Θέματα: | |
| Ετικέτες: |
Προσθήκη ετικέτας
Δεν υπάρχουν, Καταχωρήστε ετικέτα πρώτοι!
|
MARC
| LEADER | 00000nam a2200000 a 4500 | ||
|---|---|---|---|
| 001 | 1/127524 | ||
| 008 | 231019t1999####gr | ||| |||| ||gre|| | ||
| 020 | |a 9603512672 |q (χαρτόδετο) | ||
| 040 | |a GR-MyUa |b gre |c GR-MyUa |e AACR2 | ||
| 041 | 0 | |a gre | |
| 082 | 7 | |a 647.94 |2 (23) | |
| 100 | 1 | |a Λαλούμης, Δημήτριος Αθ. |e aut | |
| 245 | 1 | 0 | |a Ξενοδοχειακή ψυχαγωγία και άθληση / |c Δημήτρης Λαλούμης. |
| 260 | |a Αθήνα : |b Σταμούλης, |c c1999. | ||
| 300 | |a 240 σ. : |b εικ., πίν. ; |c 24 εκ. | ||
| 650 | 0 | |a Hotel management. | |
| 504 | |a Βιβλιογραφία: σ. 235-240. | ||
| 650 | 0 | |a Sports and tourism. | |
| 852 | |a INST |b CHIOS |e 20231019 |h 647.94 ΛΑΛ |p 005200040410 |q 005200040410 |t BK |y 0 | ||
| 970 | |a Σπέντζα |b Ελένη |z 19-10-2023 | ||